Click Chain #5 - Statistics

General Stats
  • This quiz has been taken 19,328 times
  • The average score is 19 of 30
Answer Stats
Hint Answer % Correct
The baseball player known as the “Sultan of Swat” was: Babe Ruth
96%
…which became independent in: 1929
87%
…who would often hit a: Homer
85%
…who painted the: Sistine Chapel
85%
…which is located in the: Vatican
83%
…who is the dim-witted father of: Lisa
82%
…who fought alongside: Michelangelo
77%
…which are a type of: Berry
71%
…who was painted by: Leonardo
71%
…which grows on a: Palm
68%
…whose leader is called a: Sultan
68%
…which, in humans, radiate from their: Brains
67%
…which was a hit song for the: Cranberries
67%
…which is when both parties pay on a: Date
67%
…which shares a suffix with: Neuroscience
65%
…which borders: Oman
63%
…the reading of which is a: Pseudoscience
63%
…which is a cliché food for a: Zombie
63%
…whose leader had the title of: Khan
59%
…where early colonizers spoke: Dutch
57%
…which translates to baca in: Latin
57%
…who fought a 100-year war against the: Ottoman Empire
56%
…whose alphabet is also called: Roman
55%
…whose territory by 1914 still went as far south as: Yemen
53%
…whose empire was a fifth the size of the: Mongolian Empire
49%
…which is a near-homophone of an island in: Croatia
47%
…which is located in: New York
42%
…who was the nemesis of: Kirk
41%
…whose prefix refers to: Nerves
31%
…which marks the collapse of the: NYSE
28%
No matching quizzes found
Score Distribution
Percent of People with Each Score
Percentile by Number Answered
Your Score History
You have not taken this quiz